Triết học Decaster /

Guardado en:
Detalles Bibliográficos
Autor principal: Trần Thái Đỉnh, TS.
Formato: Sách giấy
Lenguaje:Vietnamese
Publicado: TP. HCM : Việt, 1971.
Etiquetas: Agregar Etiqueta
Sin Etiquetas, Sea el primero en etiquetar este registro!
Thư viện lưu trữ: Thư viện Trường Đại học Đà Lạt
LEADER 00597nam a2200265 4500
001 DLU140161471
005 ##20140416
040 # # |a DLU  |b vie 
041 # # |a vie 
044 # # |a vn 
082 # # |a 194  |b TR-D 
100 # # |a Trần Thái Đỉnh,  |c TS. 
245 # # |a Triết học Decaster /  |c Trần Thái Đỉnh. 
260 # # |a TP. HCM :  |b Việt,  |c 1971. 
300 # # |a 233 tr. ;  |c 20 cm. 
991 # # |a GT 
992 # # |a 0 
994 # # |a DLU 
900 # # |a True 
911 # # |a Đào Thị Thu Huyền 
925 # # |a G 
926 # # |a A 
927 # # |a SH 
980 # # |a Thư viện Trường Đại học Đà Lạt